| 000 | 00608 a2200193 4500 | ||
|---|---|---|---|
| 003 | OSt | ||
| 005 | 20160210163010.0 | ||
| 008 | 160210b xxu||||| |||| 00| 0 eng d | ||
| 020 | _a9781556351860 | ||
| 050 |
_aBS2536 _b.P55 1991 |
||
| 100 | _4Pilch, John J. | ||
| 245 |
_aIntroducing the cultural context of the New Testament / _cby John J. Pilch. |
||
| 260 |
_aEugene, Oregon : _bWipf & Stock; _cc1991. |
||
| 300 |
_axiv, 259 p. : _c23 cm |
||
| 440 |
_aHear the Word! ; _vv. 2 |
||
| 500 | _aIncludes bibliographical references | ||
| 650 |
_aBible. _xNew Testament _xTextbooks |
||
| 942 |
_cBK _2lcc |
||
| 999 |
_c45798 _d45798 |
||